| 000 | 00589nam a2200193Ia 4500 | ||
|---|---|---|---|
| 005 | 20250508160839.0 | ||
| 008 | 008 250505s9999 xx 000 0 eng d | ||
| 037 | _aTextual | ||
| 040 |
_aFEDL _beng _cFEDL |
||
| 041 |
_aeng _2eng |
||
| 084 |
_a301.3, OPE _qFEDL |
||
| 245 | 0 | _aSocial geography | |
| 260 |
_aBletchley _bThe Open University _c1972 |
||
| 300 | _a157p. | ||
| 546 | _aSocial sciences : a second level course new trends in geography units 9 -12 prepared by the couse team | ||
| 650 | _aSociology | ||
| 942 |
_cTEXL _h301.3, OPE |
||
| 999 |
_c1366958 _d1366958 |
||